All Movies in The Arrow-Verse - Statistics

General Stats
  • This quiz has been taken 77 times
  • The average score is 22 of 34
Answer Stats
Year Movie % Correct
1989 Batman
90%
1997 Batman And Robin
90%
1995 Batman Forever
90%
1992 Batman Returns
90%
1966 Batman: The Movie
90%
2021 The Batman
90%
1990 The Flash
90%
2022 The Flash
90%
1991 The Flash III: The Deadly Nightshade
90%
1991 The Flash II: Revenge Of The Trickster
90%
1978 Superman
88%
1980 Superman II
88%
1983 Superman III
88%
1987 Superman IV: Quest For Peace
88%
2006 Superman Returns
88%
2017 Wonder Woman
69%
2020 Wonder Woman 1984
69%
1984 Supergirl
64%
2018 Aquaman
62%
TBD Aquaman 2
62%
2017 Justice League
60%
2021 Justice League: The Snyder Cut
60%
2016 Suicide Squad
50%
2023 The Suicide Squad
50%
2011 Green Lantern
45%
2019 Shazam!
43%
2022 Shazam: Fury Of The Gods
43%
2020 Birds Of Prey
40%
2013 Man Of Steel
40%
2016 Batman V. Superman: Dawn Of Justice
38%
2023 Black Adam
29%
TBD Cy-Borg
14%
2017 Vixen: The Movie
10%
2018 Freedom Fighters: The Ray: The Movie
5%
No matching quizzes found
Score Distribution
Percent of People with Each Score
Percentile by Number Answered
Your Score History
You have not taken this quiz